[Event "Corona-Open, Biel"]
[Site "?"]
[Date "2020.07.24"]
[Round "5.1"]
[White "Bauer, Christian"]
[Black "Rohrer, Christophe"]
[Result "1-0"]
[WhiteElo "2623"]
[BlackElo "2235"]
[PlyCount "161"]
[EventDate "2020.??.??"]
[SourceVersionDate "2020.07.25"]

1. Nf3 Nf6 2. c4 e6 3. g3 d5 4. Bg2 Be7 5. O-O O-O 6. d4 dxc4 7. Qc2 a6 8. Qxc4
b5 9. Qc2 Bb7 10. Bd2 Be4 11. Qc1 Bb7 12. a3 Qc8 13. b4 Nbd7 14. Nc3 Nb6 15.
Bg5 Nbd5 16. Nxd5 Bxd5 17. Ne5 Bxg2 18. Kxg2 Nd5 19. Bxe7 Nxe7 20. Qc5 Qb7+ 21.
Kg1 Nf5 22. Qc6 Qb6 23. e3 f6 24. Qxb6 cxb6 25. Nd3 Rfc8 26. a4 Nd6 27. a5 bxa5
28. Rxa5 Nc4 29. Ra2 a5 30. bxa5 Rxa5 31. Rxa5 Nxa5 32. Rb1 Rb8 33. Nb4 Nc4 34.
Ra1 Rb6 35. Ra7 Nd2 36. Kg2 Ne4 37. g4 Nc3 38. Rd7 Rb8 39. Kf3 Rc8 40. Re7 Rc4
41. Nd3 Rc6 42. Rb7 g5 43. Nb4 Rd6 44. Rc7 Nd5 45. Nxd5 Rxd5 46. Re7 Rd6 47.
Rb7 Rd5 48. Ke2 b4 49. Rxb4 Kf7 50. Rb7+ Kg6 51. Kd3 f5 52. Re7 Kf6 53. Rxh7
fxg4 54. e4 Ra5 55. e5+ Kg6 56. Re7 Ra6 57. Ke4 Rb6 58. f3 gxf3 59. Kxf3 Kh5
60. Rh7+ Kg6 61. Rd7 Rb2 62. Re7 Rb6 63. Kg4 Ra6 64. h3 Rb6 65. Re8 Kf7 66. Rd8
Rb3 67. Rh8 Kg6 68. Rf8 Rd3 69. Rf6+ Kg7 70. Rxe6 Rxd4+ 71. Kxg5 Kf7 72. Rf6+
Ke7 73. h4 Re4 74. Rf5 Ke6 75. h5 Re1 76. Kg6 Rh1 77. Rg5 Ke7 78. h6 Kf8 79. h7
Rh2 80. Rf5+ Ke7 81. Rh5 1-0

[Event "Corona-Open, Biel"]
[Site "?"]
[Date "2020.07.24"]
[Round "5.2"]
[White "Decker, Nils"]
[Black "Meins, Gerlef"]
[Result "1/2-1/2"]
[WhiteElo "2047"]
[BlackElo "2415"]
[PlyCount "83"]
[EventDate "2020.??.??"]
[SourceVersionDate "2020.07.25"]

1. e4 c5 2. Nf3 d6 3. d4 cxd4 4. Nxd4 Nf6 5. Nc3 a6 6. h3 e5 7. Nb3 Be6 8. f4
Be7 9. f5 Bd7 10. g4 Bc6 11. Bg2 a5 12. a3 a4 13. Nd2 d5 14. g5 Nxe4 15. Ndxe4
dxe4 16. Qxd8+ Bxd8 17. Nxe4 O-O 18. Be3 Nd7 19. O-O Bb6 20. Rfe1 Ra6 21. Rad1
f6 22. Bf1 Raa8 23. Bc4+ Kh8 24. Bd5 Bxe3+ 25. Rxe3 Nb6 26. Bxc6 bxc6 27. gxf6
Nd5 28. fxg7+ Kxg7 29. Rg3+ Kh8 30. c4 Nf4 31. Kh1 Rxf5 32. Rd7 Rg8 33. Rxg8+
Kxg8 34. Kh2 Ne6 35. Rd6 Rf4 36. Rxe6 Rxe4 37. Rxc6 Re2+ 38. Kg1 Rxb2 39. Ra6
Rb3 40. Rxa4 Rxh3 41. Ra5 Kf7 42. Rxe5 1/2-1/2

[Event "Corona-Open, Biel"]
[Site "?"]
[Date "2020.07.24"]
[Round "5.3"]
[White "Youssoupov, Moisse"]
[Black "Jovanovic, Sladjan"]
[Result "1/2-1/2"]
[WhiteElo "2333"]
[BlackElo "2176"]
[PlyCount "60"]
[EventDate "2020.??.??"]
[SourceVersionDate "2020.07.25"]

1. c4 Nf6 2. Nc3 c5 3. g3 Nc6 4. Bg2 g6 5. e3 Ne5 6. d3 Bg7 7. Nge2 O-O 8. O-O
d6 9. b3 Rb8 10. d4 cxd4 11. exd4 Nc6 12. d5 Na5 13. Be3 a6 14. Ba7 Ra8 15. Bd4
Bd7 16. c5 dxc5 17. Bxc5 Rc8 18. Bd4 b5 19. Qd2 Nb7 20. Qb2 Bf5 21. Ne4 Bxe4
22. Bxe4 Nd6 23. Bg2 Nf5 24. Be5 Nxd5 25. Bxg7 Nxg7 26. Rad1 e6 27. Nf4 Qf6 28.
Qxf6 Nxf6 29. Bb7 Rb8 30. Bf3 Rb6 1/2-1/2

[Event "Corona-Open, Biel"]
[Site "?"]
[Date "2020.07.24"]
[Round "5.4"]
[White "Siebrecht, Sebastian"]
[Black "Fecker, Noah"]
[Result "1/2-1/2"]
[WhiteElo "2429"]
[BlackElo "2346"]
[PlyCount "64"]
[EventDate "2020.??.??"]
[SourceVersionDate "2020.07.25"]

1. d4 Nf6 2. c4 g6 3. Nc3 d5 4. cxd5 Nxd5 5. Bd2 Bg7 6. e4 Nb6 7. Be3 O-O 8.
Be2 Nc6 9. Nf3 Bg4 10. d5 Bxf3 11. Bxf3 Ne5 12. O-O Nbc4 13. Bc1 Nxf3+ 14. Qxf3
Qd6 15. Qe2 Qc5 16. Rb1 c6 17. dxc6 bxc6 18. b4 Qd4 19. Na4 Rfd8 20. Nc5 a5 21.
Nb3 Qd3 22. Qxd3 Rxd3 23. bxa5 Rdd8 24. Bf4 Rdc8 25. Rfc1 Na3 26. Be3 Nxb1 27.
Rxb1 Bc3 28. Bb6 Bb4 29. Rc1 c5 30. Rc4 Kf8 31. Kf1 Ke8 32. Ke2 Kd7 1/2-1/2

[Event "Corona-Open, Biel"]
[Site "?"]
[Date "2020.07.24"]
[Round "5.5"]
[White "Bellahcene, Bilel"]
[Black "Perestjuk, Marko"]
[Result "1-0"]
[WhiteElo "2502"]
[BlackElo "2116"]
[PlyCount "121"]
[EventDate "2020.??.??"]
[SourceVersionDate "2020.07.25"]

1. d4 d5 2. c4 e6 3. Nf3 c6 4. g3 Nf6 5. Bg2 dxc4 6. O-O b5 7. b3 cxb3 8. Qxb3
Bb7 9. Rd1 Nbd7 10. a4 a6 11. Ne5 Qc7 12. Bf4 Bd6 13. Nxd7 Nxd7 14. Bxd6 Qxd6
15. Nc3 O-O 16. Rac1 Rab8 17. Ne4 Qe7 18. Nc5 Nxc5 19. Rxc5 Rfd8 20. e3 Qd7 21.
Rdc1 Rdc8 22. h4 h6 23. Be4 Qd8 24. h5 Qe7 25. Bc2 Qf6 26. Qd3 Rd8 27. Qh7+ Kf8
28. Be4 b4 29. Bg2 b3 30. Rb1 Ba8 31. Qd3 b2 32. Qc3 Qe7 33. Rxb2 Rxb2 34. Qxb2
Qc7 35. Qc2 Rc8 36. Qh7 f6 37. Be4 Qf7 38. d5 Qg8 39. Qxg8+ Kxg8 40. dxe6 Kf8
41. f4 Rb8 42. Kf2 Rb4 43. Bxc6 Bxc6 44. Rxc6 Rxa4 45. f5 a5 46. Rc8+ Ke7 47.
Rg8 Ra2+ 48. Kf3 a4 49. Rxg7+ Ke8 50. Ra7 a3 51. e4 Ra1 52. Kg2 a2 53. e5 Re1
54. Rxa2 Rxe5 55. Ra8+ Ke7 56. Ra7+ Ke8 57. g4 Rb5 58. Rh7 Rb4 59. Kg3 Rb3+ 60.
Kh4 Kf8 61. Rxh6 1-0

[Event "Corona-Open, Biel"]
[Site "?"]
[Date "2020.07.24"]
[Round "5.6"]
[White "Gschnitzer, Adrian"]
[Black "Pham, Khoi"]
[Result "1-0"]
[WhiteElo "2404"]
[BlackElo "2048"]
[PlyCount "59"]
[EventDate "2020.??.??"]
[SourceVersionDate "2020.07.25"]

1. e4 c5 2. Nf3 d6 3. d4 cxd4 4. Nxd4 Nf6 5. Nc3 a6 6. Bg5 e6 7. f4 Nbd7 8. Qf3
Qc7 9. O-O-O b5 10. Bd3 Bb7 11. Rhe1 Qb6 12. Nd5 Qxd4 13. Bxf6 gxf6 14. Bxb5
Qc5 15. Nxf6+ Kd8 16. Nxd7 Qxb5 17. Nxf8 Rxf8 18. Qa3 Ke8 19. Qxd6 Qc6 20. Qd4
Qc7 21. f5 Rd8 22. Qa4+ Qc6 23. Qb4 Rxd1+ 24. Rxd1 Rg8 25. g3 Rg4 26. Qd4 Kf8
27. Qh8+ Rg8 28. Rd8+ Ke7 29. Qxg8 Qxe4 30. fxe6 1-0

[Event "Corona-Open, Biel"]
[Site "?"]
[Date "2020.07.24"]
[Round "5.7"]
[White "Carre, Sylvain"]
[Black "Bänziger, Fabian"]
[Result "1/2-1/2"]
[WhiteElo "2106"]
[BlackElo "2403"]
[PlyCount "69"]
[EventDate "2020.??.??"]
[SourceVersionDate "2020.07.25"]

1. c4 Nf6 2. Nc3 g6 3. g3 Bg7 4. Bg2 O-O 5. Nf3 Nc6 6. d4 d5 7. cxd5 Nxd5 8. e4
Nb6 9. d5 Na5 10. O-O c6 11. dxc6 Nxc6 12. Qxd8 Rxd8 13. Rb1 Be6 14. Be3 Nc4
15. Bf4 h6 16. h4 Rac8 17. Rfd1 Nb4 18. Rxd8+ Rxd8 19. Bf1 Nxb2 20. Rxb2 Bxc3
21. Rb1 Bxa2 22. Rc1 Bf6 23. Rc7 Nd3 24. Bxh6 a5 25. Rxb7 a4 26. Bg5 Bb3 27.
Bxf6 exf6 28. Ra7 Ne5 29. Nxe5 fxe5 30. Bb5 Rd1+ 31. Kh2 Ra1 32. Bc6 a3 33. Bd5
Bxd5 34. exd5 Rd1 35. Rxa3 1/2-1/2

[Event "Corona-Open, Biel"]
[Site "?"]
[Date "2020.07.24"]
[Round "5.8"]
[White "Krivenko, Dion"]
[Black "Karsay, Pascal"]
[Result "1/2-1/2"]
[WhiteElo "2046"]
[BlackElo "2304"]
[PlyCount "68"]
[EventDate "2020.??.??"]
[SourceVersionDate "2020.07.25"]

1. e4 c5 2. Nf3 e6 3. b3 b6 4. Bb2 Bb7 5. d3 Nc6 6. g3 Nf6 7. Bg2 d5 8. exd5
Qxd5 9. Nc3 Qd7 10. O-O Be7 11. Re1 O-O 12. Ne5 Nxe5 13. Rxe5 Rad8 14. Bxb7
Qxb7 15. Re1 Rd7 16. Ne4 Nxe4 17. Rxe4 Rfd8 18. Qg4 Bf8 19. Qh5 Rd5 20. Re5 f6
21. Rxd5 Rxd5 22. Qg4 e5 23. Qe6+ Qf7 24. Qxf7+ Kxf7 25. a4 e4 26. dxe4 Rd2 27.
Rc1 c4 28. Bc3 Re2 29. Kf1 Rxe4 30. Rd1 Re7 31. Bb4 Rc7 32. Bxf8 Kxf8 33. Ke2
Re7+ 34. Kf3 cxb3 1/2-1/2

[Event "Corona-Open, Biel"]
[Site "?"]
[Date "2020.07.24"]
[Round "5.9"]
[White "Kamber, Bruno"]
[Black "Harringer, Manfred"]
[Result "1-0"]
[WhiteElo "2290"]
[BlackElo "2008"]
[PlyCount "33"]
[EventDate "2020.07.25"]

1. e4 e5 2. Nf3 Nc6 3. Be2 Nf6 4. d3 d5 5. Nbd2 dxe4 6. dxe4 Bc5 7. c3 Qe7 8.
b4 Bb6 9. O-O a5 10. Qa4 Ra7 11. b5 Nb8 12. Ba3 Qd8 13. Rad1 Nfd7 14. Nc4 c5
15. Nd6+ Kf8 16. Qc4 Kg8 17. Qxf7# 1-0

[Event "Corona-Open, Biel"]
[Site "?"]
[Date "2020.07.24"]
[Round "5.10"]
[White "Ohler, Julius"]
[Black "Buchenau, Frank"]
[Result "0-1"]
[WhiteElo "2024"]
[BlackElo "2278"]
[PlyCount "50"]
[EventDate "2020.07.25"]
[SourceVersionDate "2020.07.25"]

1. d4 e6 2. c4 Nf6 3. g3 d5 4. Bg2 Be7 5. Nf3 O-O 6. O-O Nbd7 7. Ne5 Nxe5 8.
dxe5 Ne4 9. Nc3 Nxc3 10. bxc3 c6 11. Qb3 Qc7 12. f4 b6 13. Bb2 Ba6 14. cxd5
cxd5 15. Rfe1 Rac8 16. e4 Qc5+ 17. Kh1 Qf2 18. exd5 Bc4 19. Rf1 Qc5 20. Qd1
Bxd5 21. Bxd5 Rfd8 22. c4 exd5 23. cxd5 Rxd5 24. Qc1 Qc2 25. Ba3 Qe4+ 0-1

[Event "Corona-Open, Biel"]
[Site "?"]
[Date "2020.07.24"]
[Round "5.11"]
[White "Contin, Daniel"]
[Black "Germann, Markus"]
[Result "1-0"]
[WhiteElo "2251"]
[BlackElo "1995"]
[PlyCount "133"]
[EventDate "2020.07.25"]
[SourceVersionDate "2020.07.25"]

1. c4 e5 2. e3 Nf6 3. d4 exd4 4. exd4 d5 5. Nc3 Be7 6. cxd5 Nxd5 7. Bd3 O-O 8.
Nf3 Nc6 9. h3 Bf6 10. O-O Ndb4 11. Bb1 Nxd4 12. Nxd4 Bxd4 13. Nb5 c5 14. a3 Nc6
15. Qc2 g6 16. Nxd4 Nxd4 17. Qxc5 Nb3 18. Qc3 Nxc1 19. Rxc1 Be6 20. Be4 Rc8 21.
Qe3 b6 22. Rd1 Qc7 23. Rd6 Qc5 24. Qf4 Rfd8 25. Rxd8+ Rxd8 26. Rc1 Qd4 27. Rc3
Bc4 28. Qc7 b5 29. Re3 Rd7 30. Qc6 Kg7 31. b3 Rd6 32. Qc7 Rd7 33. Qa5 Bd5 34.
Qxb5 Bxe4 35. Rxe4 Qxe4 36. Qxd7 Qe1+ 37. Kh2 Qxf2 38. Qd3 h5 39. Qc3+ Kh7 40.
Qf3 Qc5 41. Qxf7+ Kh6 42. Qf4+ g5 43. b4 Qe7 44. Qb8 g4 45. Qf4+ Kg6 46. Qg3
Kg5 47. b5 Qc5 48. a4 Qd4 49. a5 Qc5 50. h4+ Kg6 51. Qd3+ Kf6 52. Qd8+ Kf7 53.
Qd7+ Kf8 54. Qd8+ Kf7 55. Qb8 Qf2 56. Qc7+ Kf8 57. Qd6+ Kf7 58. Qd5+ Kf8 59.
Qd8+ Kf7 60. Qg5 Kf8 61. a6 Qd4 62. Qf5+ Kg7 63. Qg5+ Kf8 64. Kg3 Qd3+ 65. Kf4
Qd4+ 66. Kf5 Qd5+ 67. Kg6 1-0

[Event "Corona-Open, Biel"]
[Site "?"]
[Date "2020.07.24"]
[Round "5.12"]
[White "Ermitsch, Magnus"]
[Black "Adrian, Claude"]
[Result "1/2-1/2"]
[WhiteElo "2000"]
[BlackElo "2246"]
[PlyCount "59"]
[EventDate "2020.07.25"]
[SourceVersionDate "2020.07.25"]

1. e4 e6 2. d4 d5 3. Nc3 Bb4 4. exd5 exd5 5. Bd3 Nc6 6. a3 Ba5 7. Be3 Nge7 8.
Qh5 Be6 9. Nf3 Qd7 10. Ng5 O-O-O 11. Nxe6 Qxe6 12. O-O g6 13. Qf3 f5 14. Na4
Qf6 15. b4 Bb6 16. c3 g5 17. Nc5 h5 18. a4 f4 19. Nb3 a5 20. b5 Na7 21. c4 Rhf8
22. c5 fxe3 23. Qxf6 Rxf6 24. fxe3 Rdf8 25. cxb6 cxb6 26. e4 Rxf1+ 27. Rxf1
Rxf1+ 28. Kxf1 dxe4 29. Bxe4 Kc7 30. Ke2 1/2-1/2

[Event "Corona-Open, Biel"]
[Site "?"]
[Date "2020.07.24"]
[Round "5.13"]
[White "Lorscheid, Gerhard"]
[Black "Perreard, Nicolas"]
[Result "1/2-1/2"]
[WhiteElo "2241"]
[BlackElo "1956"]
[PlyCount "51"]
[EventDate "2020.07.25"]
[SourceVersionDate "2020.07.25"]

1. d4 d5 2. c4 e6 3. Nc3 Nf6 4. Bf4 c5 5. dxc5 Bxc5 6. e3 O-O 7. Nf3 Nc6 8.
cxd5 exd5 9. a3 a6 10. Ne5 Re8 11. Nxc6 bxc6 12. Be2 d4 13. Na4 Ba7 14. exd4
Bg4 15. f3 Nd5 16. Bc1 Bxf3 17. gxf3 Qh4+ 18. Kd2 Qxd4+ 19. Kc2 Qxa4+ 20. Kb1
Qxd1 21. Bxd1 Rab8 22. Ka2 Bd4 23. Rb1 c5 24. Be3 Nxe3 25. Re1 c4 26. Ba4
1/2-1/2

[Event "Corona-Open, Biel"]
[Site "?"]
[Date "2020.07.24"]
[Round "5.14"]
[White "Briand, Amaury"]
[Black "Pahud, Cedric"]
[Result "1-0"]
[WhiteElo "1929"]
[BlackElo "2225"]
[PlyCount "79"]
[EventDate "2020.07.25"]
[SourceVersionDate "2020.07.25"]

1. e4 c5 2. Nf3 g6 3. c3 d5 4. exd5 Qxd5 5. d4 Bg7 6. Na3 cxd4 7. Bc4 Qe4+ 8.
Be3 Nh6 9. Nb5 O-O 10. Bd3 Qc6 11. Nbxd4 Qd7 12. O-O Nc6 13. Qe2 Ng4 14. Nxc6
bxc6 15. Bc5 Re8 16. Bc4 Qf5 17. Ba3 e5 18. Nd4 Qd7 19. Ne6 Nf6 20. Nxg7 Kxg7
21. Rad1 Nd5 22. Rfe1 Qb7 23. Qf3 Nf4 24. Rd6 c5 25. Qxb7 Bxb7 26. Rd7 Nxg2 27.
Red1 Be4 28. Bxf7 Kh6 29. Bxe8 Rxe8 30. Bxc5 Bf3 31. R1d6 e4 32. Rf6 Re5 33.
Bd4 Rg5 34. Kf1 Rh5 35. Rff7 Rb5 36. Bf6 g5 37. Bd4 Rxb2 38. Rf6+ Kh5 39. Rxh7+
Kg4 40. h3# 1-0

[Event "Corona-Open, Biel"]
[Site "?"]
[Date "2020.07.24"]
[Round "5.15"]
[White "Courjal, Pauline"]
[Black "Mathieu, Phileas"]
[Result "0-1"]
[WhiteElo "1848"]
[BlackElo "2214"]
[Annotator "olive"]
[PlyCount "72"]
[EventDate "2020.07.25"]
[SourceVersionDate "2020.07.25"]

1. e4 c5 2. Nc3 Nc6 3. g3 g6 4. Bg2 Bg7 5. d3 d6 6. Be3 Rb8 7. Qd2 b5 8. Nge2
b4 9. Nd1 Nd4 10. O-O e5 11. c3 Nxe2+ 12. Qxe2 bxc3 13. bxc3 Ne7 14. f3 O-O 15.
Nf2 Qa5 16. Rfc1 Be6 17. Bh3 f5 18. d4 exd4 19. Bf4 Qd8 20. exf5 Bxf5 21. Bxf5
Nxf5 22. Qe6+ Kh8 23. Ne4 Rb6 24. Qd5 Ne7 25. Qg5 Qd7 26. Re1 Nf5 27. Qg4 dxc3
28. Ng5 Re8 29. Qh3 h6 30. Ne4 d5 31. Nf2 c2 32. g4 Bxa1 33. Rxa1 Rb1+ 34. Kg2
Rxa1 35. gxf5 h5 36. Qg3 Qxf5 0-1

[Event "Corona-Open, Biel"]
[Site "?"]
[Date "2020.07.24"]
[Round "5.16"]
[White "Saya, Ethan"]
[Black "Moriniaux, Colin"]
[Result "1-0"]
[WhiteElo "2199"]
[BlackElo "1963"]
[PlyCount "89"]
[EventDate "2020.07.25"]
[SourceVersionDate "2020.07.25"]

1. e4 c5 2. Nc3 Nc6 3. g3 g6 4. Bg2 Bg7 5. d3 e6 6. Be3 d6 7. Nge2 Nd4 8. O-O
Ne7 9. Qd2 O-O 10. Nd1 Nxe2+ 11. Qxe2 Rb8 12. Qd2 Nc6 13. Bh6 Qc7 14. Bxg7 Kxg7
15. Ne3 Ne7 16. d4 b5 17. dxc5 dxc5 18. Ng4 f6 19. e5 fxe5 20. Rfe1 Nf5 21.
Nxe5 Rd8 22. Qg5 Bb7 23. Bxb7 Qxb7 24. Rad1 Qe7 25. Qxe7+ Nxe7 26. Rd7 Kf6 27.
Rxa7 Ra8 28. Rxe7 Kxe7 29. Nc6+ Kd7 30. Nxd8 Kxd8 31. a3 Ke7 32. Kf1 Rd8 33.
Ke2 Rd4 34. f3 h6 35. b3 Rd6 36. a4 bxa4 37. bxa4 Ra6 38. Ra1 Kd6 39. Kd3 Kd5
40. a5 c4+ 41. Kc3 Kc5 42. Re1 g5 43. Re5+ Kd6 44. Rb5 Rc6 45. Rb6 1-0

[Event "Corona-Open, Biel"]
[Site "?"]
[Date "2020.07.24"]
[Round "5.17"]
[White "Emmenecker, Pierre-Antoine"]
[Black "Jakhari, Ansh"]
[Result "1/2-1/2"]
[WhiteElo "2173"]
[BlackElo "1908"]
[PlyCount "70"]
[EventDate "2020.07.25"]
[SourceVersionDate "2020.07.25"]

1. d4 Nf6 2. Nf3 e6 3. e3 c5 4. Bd3 Nc6 5. O-O Be7 6. b3 d5 7. Bb2 O-O 8. Nbd2
b6 9. Ne5 Bb7 10. f4 Nxe5 11. fxe5 Ne8 12. Qg4 g6 13. Nf3 Ng7 14. Rae1 Rc8 15.
c3 a6 16. Qh3 c4 17. bxc4 dxc4 18. Bc2 b5 19. e4 b4 20. cxb4 Bxb4 21. Rd1 h5
22. Kh1 c3 23. Bc1 Qa5 24. a4 Bc6 25. Bh6 Ba3 26. Ne1 Bb2 27. Qf3 Kh7 28. Bxg7
Kxg7 29. d5 Bxa4 30. Qf6+ Kh7 31. Qe7 Rce8 32. Qa7 Ra8 33. Qe7 Rae8 34. Qa7 Ra8
35. Qe7 Rae8 1/2-1/2

[Event "Corona-Open, Biel"]
[Site "?"]
[Date "2020.07.24"]
[Round "5.18"]
[White "Khoury, Theo"]
[Black "Cahen, Alexis"]
[Result "0-1"]
[WhiteElo "1465"]
[BlackElo "2125"]
[PlyCount "50"]
[EventDate "2020.07.25"]
[SourceVersionDate "2020.07.25"]

1. e4 d5 2. exd5 Nf6 3. Nf3 Qxd5 4. Nc3 Qh5 5. d4 Bg4 6. Be2 Nc6 7. Be3 O-O-O
8. Qd2 e5 9. d5 Bb4 10. O-O e4 11. Nd4 Bxc3 12. Qxc3 Nxd4 13. Bxd4 Bxe2 14.
Bxf6 gxf6 15. Rfe1 Rhg8 16. Kh1 Rxg2 17. Kxg2 Bf3+ 18. Qxf3 Qxf3+ 19. Kf1 Rxd5
20. Kg1 Rd2 21. Rf1 e3 22. h4 Rxf2 23. Rxf2 exf2+ 24. Kf1 Qh1+ 25. Kxf2 Qxa1
0-1

[Event "Corona-Open, Biel"]
[Site "?"]
[Date "2020.07.24"]
[Round "5.19"]
[White "Jepsen, Thomas Tange"]
[Black "Thommen, Tobias"]
[Result "1-0"]
[WhiteElo "2116"]
[BlackElo "1306"]
[PlyCount "59"]
[EventDate "2020.07.25"]
[SourceVersionDate "2020.07.25"]

1. d4 d5 2. c4 e6 3. Nc3 Nf6 4. Nf3 Nbd7 5. Bf4 a6 6. e3 b6 7. cxd5 Nxd5 8.
Nxd5 exd5 9. Qb3 Bb7 10. Be2 c5 11. dxc5 Nxc5 12. Qc3 Rc8 13. O-O Ne6 14. Qe5
Be7 15. Nd4 Nxd4 16. Qxd4 O-O 17. Be5 f6 18. Bg3 Bd6 19. Rac1 Bxg3 20. hxg3 Qd6
21. Bf3 Rfd8 22. Rfd1 Rc5 23. b4 Rb5 24. a3 Kf8 25. Be2 Ra8 26. Bxb5 axb5 27.
Rc3 Re8 28. Qf4 Qxf4 29. gxf4 Re7 30. Rdc1 1-0

[Event "Corona-Open, Biel"]
[Site "?"]
[Date "2020.07.24"]
[Round "5.20"]
[White "Zafeiridis, Athanoasios"]
[Black "Borner, Daniel"]
[Result "0-1"]
[WhiteElo "1504"]
[BlackElo "2154"]
[PlyCount "99"]
[EventDate "2020.07.25"]
[SourceVersionDate "2020.07.25"]

1. e4 g6 2. d4 Bg7 3. Nf3 c5 4. Nc3 cxd4 5. Nxd4 Nc6 6. Be3 Nf6 7. Be2 O-O 8.
O-O d5 9. exd5 Nxd5 10. Nxd5 Qxd5 11. Bf3 Qa5 12. Nb3 Qc7 13. c3 Rd8 14. Qe2
Ne5 15. Rad1 Be6 16. Be4 Bc4 17. Qc2 Bxf1 18. Rxf1 f5 19. f4 Ng4 20. Nc5 Nxe3
21. Qb3+ Kh8 22. Ne6 Qb6 23. Qxb6 axb6 24. Nxd8 Rxd8 25. Re1 Rd1 26. Rxd1 Nxd1
27. Bxb7 Nxb2 28. Kf2 Bxc3 29. Kf3 Kg7 30. h3 e6 31. g4 Kf6 32. Ba6 Na4 33. Bd3
Bd2 34. Bc2 Nc3 35. Bb3 Nd5 36. Bc4 Nxf4 37. h4 Nd5 38. Kg3 Be1+ 39. Kh3 Nf4+
40. Kh2 Bxh4 41. gxf5 exf5 42. a4 g5 43. Bb5 g4 44. Bc4 h5 45. Bf1 Be1 46. Kg1
h4 47. Kh1 h3 48. Kg1 g3 49. Bxh3 Nxh3+ 50. Kg2 0-1

[Event "Corona-Open, Biel"]
[Site "?"]
[Date "2020.07.24"]
[Round "5.21"]
[White "Schulz, Michael"]
[Black "Battistella, Valentin"]
[Result "1-0"]
[WhiteElo "2132"]
[BlackElo "1861"]
[PlyCount "53"]
[EventDate "2020.07.25"]
[SourceVersionDate "2020.07.25"]

1. d4 Nf6 2. Bg5 d5 3. Bxf6 exf6 4. e3 Bd6 5. c4 dxc4 6. Bxc4 O-O 7. Nc3 f5 8.
Nf3 Nd7 9. O-O c6 10. Qc2 Nb6 11. Bb3 Re8 12. g3 Qf6 13. d5 cxd5 14. Nxd5 Nxd5
15. Bxd5 Be6 16. Rfd1 Bxd5 17. Rxd5 g6 18. Rad1 Rac8 19. Qb3 Bc5 20. Rd7 Red8
21. Qxb7 Bb6 22. h4 h6 23. Kg2 Rf8 24. R1d6 Qg7 25. h5 gxh5 26. Nh4 Qe5 27. Ng6
1-0

[Event "Corona-Open, Biel"]
[Site "?"]
[Date "2020.07.24"]
[Round "5.22"]
[White "Adrian, Leopold"]
[Black "Moerwald, Magdalena"]
[Result "1-0"]
[WhiteElo "2061"]
[BlackElo "1971"]
[PlyCount "79"]
[EventDate "2020.07.25"]
[SourceVersionDate "2020.07.25"]

1. Nf3 Nf6 2. c4 e6 3. g3 d5 4. d4 c5 5. cxd5 Nxd5 6. Bg2 Nc6 7. O-O Be7 8.
dxc5 Bxc5 9. Qc2 Bb6 10. Rd1 Qe7 11. e4 Ndb4 12. Qe2 e5 13. a3 Na6 14. Nc3 Nc7
15. Nd5 Nxd5 16. exd5 Nd4 17. Nxd4 Bxd4 18. Be3 Bxe3 19. Qxe3 O-O 20. d6 Qe6
21. Rac1 Rd8 22. Qg5 f6 23. Qd2 Kh8 24. Rc7 Bd7 25. Bxb7 Rab8 26. Bc6 Bxc6 27.
Rxc6 Rd7 28. Rc7 Rbd8 29. Rxd7 Rxd7 30. Rc1 h6 31. Rc6 f5 32. h4 f4 33. Qc2 g6
34. Qc4 fxg3 35. fxg3 Qf5 36. Rc8+ Kg7 37. Rc7 Kf6 38. Qc6 Qg4 39. Rxd7 Qxg3+
40. Qg2 1-0

[Event "Corona-Open, Biel"]
[Site "?"]
[Date "2020.07.24"]
[Round "5.23"]
[White "Steibel, Julien"]
[Black "Bruessow, Jakob"]
[Result "1/2-1/2"]
[WhiteElo "1989"]
[BlackElo "1779"]
[PlyCount "83"]
[EventDate "2020.07.25"]
[SourceVersionDate "2020.07.25"]

1. e4 c5 2. Ne2 d6 3. g3 g6 4. Bg2 Bg7 5. c3 e5 6. d4 Nc6 7. d5 Nce7 8. O-O Nf6
9. a4 O-O 10. Na3 Ne8 11. f4 f5 12. fxe5 dxe5 13. Nc4 Nd6 14. Nxd6 Qxd6 15. c4
Bd7 16. Nc3 Nc8 17. a5 Qc7 18. Be3 Nd6 19. Qe2 Rac8 20. Rfc1 b6 21. b3 Rb8 22.
Qa2 Rb7 23. Kh1 Kh8 24. Ne2 Kg8 25. axb6 axb6 26. b4 Rfb8 27. Qa3 Rc8 28. bxc5
bxc5 29. Qa5 Rb2 30. Ng1 Rb4 31. Qxc7 Rxc7 32. Ra5 Rxc4 33. Rxc4 Nxc4 34. Rxc5
Rxc5 35. Bxc5 Bf8 36. Ba7 Bd6 37. Ne2 Kf7 38. Nc3 Bb4 39. Na2 Bd6 40. Kg1 Nd2
41. exf5 gxf5 42. Kf2 1/2-1/2

[Event "Corona-Open, Biel"]
[Site "?"]
[Date "2020.07.24"]
[Round "5.24"]
[White "Norden, Marc"]
[Black "Roth, Johannes"]
[Result "1/2-1/2"]
[WhiteElo "1690"]
[BlackElo "1872"]
[PlyCount "46"]
[EventDate "2020.07.25"]
[SourceVersionDate "2020.07.25"]

1. d4 Nf6 2. Nf3 e6 3. g3 c5 4. Bg2 Be7 5. O-O d5 6. c4 Nbd7 7. cxd5 exd5 8.
Nc3 O-O 9. Bf4 a6 10. Ne5 Nb6 11. dxc5 Bxc5 12. Nd3 Be7 13. Rc1 Be6 14. e4 dxe4
15. Nxe4 Nxe4 16. Bxe4 Nd5 17. b3 Rc8 18. Rxc8 Qxc8 19. Qf3 Qd7 20. Ne5 Qb5 21.
Nc4 Rd8 22. Be5 Nf6 23. Bxf6 Bxf6 1/2-1/2

[Event "Corona-Open, Biel"]
[Site "?"]
[Date "2020.07.24"]
[Round "5.25"]
[White "Thomas, Jeremy"]
[Black "Shatil, Or"]
[Result "1-0"]
[WhiteElo "1914"]
[BlackElo "1530"]
[PlyCount "91"]
[EventDate "2020.07.25"]
[SourceVersionDate "2020.07.25"]

1. e4 c5 2. Nf3 Nc6 3. d4 cxd4 4. Nxd4 Nf6 5. Nc3 e5 6. Ndb5 d6 7. Bg5 a6 8.
Na3 b5 9. Nd5 Be7 10. Bxf6 Bxf6 11. c3 Bg5 12. Nc2 O-O 13. a4 bxa4 14. Rxa4 a5
15. Bc4 Rb8 16. Ra2 Kh8 17. O-O f5 18. exf5 Bxf5 19. Nce3 Bg6 20. b3 Qd7 21.
Qg4 Qxg4 22. Nxg4 Bd8 23. Nge3 e4 24. Rd1 Ne5 25. Ra3 Bh5 26. Rd2 Bg5 27. Be2
Bxe2 28. Rxe2 Bxe3 29. Nxe3 Rfc8 30. Nd1 Rc5 31. Rxe4 Rcb5 32. Kf1 Rxb3 33.
Rxb3 Rxb3 34. f4 Rb5 35. fxe5 dxe5 36. Ke2 Kg8 37. c4 Rb4 38. Kd3 a4 39. Rxe5
a3 40. Ra5 Rb3+ 41. Kc2 Rb4 42. Kc3 Rb1 43. Ne3 Re1 44. Kd4 Ra1 45. Ra7 a2 46.
c5 1-0

[Event "Corona-Open, Biel"]
[Site "?"]
[Date "2020.07.24"]
[Round "5.26"]
[White "Smeets, Kobe"]
[Black "Emmenecker, Philip"]
[Result "0-1"]
[WhiteElo "1755"]
[BlackElo "2100"]
[PlyCount "162"]
[EventDate "2020.07.25"]
[SourceVersionDate "2020.07.25"]

1. e4 e5 2. Nf3 Nc6 3. Bb5 Bc5 4. c3 Nf6 5. d4 Bb6 6. O-O O-O 7. Re1 d6 8. Bg5
h6 9. Bh4 exd4 10. Nxd4 Ne5 11. Nd2 a6 12. Bf1 Ng6 13. Bg3 Re8 14. Kh1 h5 15.
f3 h4 16. Bf2 Nh5 17. Nc4 Ba7 18. Qd2 Qf6 19. Be3 Ngf4 20. Bxf4 Nxf4 21. Ne3
Be6 22. Nxe6 Bxe3 23. Qxe3 Rxe6 24. Qf2 Re5 25. Rad1 g6 26. Rd2 Kg7 27. Red1 b6
28. c4 a5 29. Qe3 Rh8 30. b3 Rhe8 31. g3 hxg3 32. hxg3 Rh8+ 33. Rh2 Reh5 34.
Rxh5 Rxh5+ 35. Kg1 Ne6 36. Bg2 Qb2 37. Qd2 Qe5 38. f4 Qc5+ 39. Qf2 Qxf2+ 40.
Kxf2 Kf6 41. g4 Rc5 42. Ke3 g5 43. f5 Nd8 44. Bf1 Re5 45. Be2 Nb7 46. Rh1 Nc5
47. Bf3 Re8 48. Kd4 Nd7 49. Rh6+ Kg7 50. Rh5 Ne5 51. Bd1 Kf6 52. Rh6+ Ke7 53.
Rh5 Rg8 54. a3 Rg7 55. Rh6 Rg8 56. Rh5 Nc6+ 57. Kd5 Kd7 58. Rh7 Ne5 59. Kd4 Ke7
60. Rh5 c6 61. Be2 Nd7 62. Bd1 Nf6 63. Rh6 c5+ 64. Kd3 Nd7 65. a4 Ne5+ 66. Ke3
Nc6 67. Bc2 Re8 68. Rh5 Kf6 69. Rh6+ Ke5 70. Rh7 Rf8 71. Rg7 Nd4 72. Bd1 Rh8
73. Rxf7 Rh3+ 74. Kf2 Kf4 75. Rg7 Rh2+ 76. Ke1 Ke3 77. Kf1 Rh1+ 78. Kg2 Rxd1
79. Rxg5 Kf4 80. Rg6 Rd2+ 81. Kf1 Nf3 0-1